Encyclopedia of American business history and biography : the automobile industry 1896-1920

Bibliographic Details
Other Authors: May, George S
Format: Book
Published: New York : Facts On File , 1990

MARC

LEADER 00000cam a2200000 7i4500
001 0000004927
002 000005313
005 20000330.0
020 |a 0816020841 
090 0 0 |a 338.476292097309034   |b ENC 
245 0 0 |a Encyclopedia of American business history and biography :   |b the automobile industry 1896-1920   |c edited by George S.May 
260 |a New York :   |b Facts On File ,   |c 1990 
300 |a 485p. ;   |c 28cm. 
700 1 |a May, George S 
999 |a 037680   |b ENSIKLOPEDIA DEWASA   |c RUJUKAN   |e PERPUSTAKAAN KOMUNITI PETALING JAYA 
999 |a 037681   |b ENSIKLOPEDIA DEWASA   |c RUJUKAN   |e PERPUSTAKAAN KOMUNITI PETALING JAYA